000 01809cam a22005174i 4500
003 PE-LiUPU
005 20250731173036.0
008 120712s2012 gau rb 000 0 eng
020 _a1573126446
020 _a9781573126441
035 _a(Sirsi) i9781573126441
035 _a(OCoLC)800352572
040 _aDLC
_bspa
_cDLC
_dGGB
_dOCLCO
_dYDXCP
_dOCLCF
_dOCLCQ
_dPE-LiUPU
_erda
049 _aPRUA
050 0 0 _aBM45
_b.P25 2012
082 0 0 _a296.1
_bP12
_223
100 1 _aPace, Sharon,
_eautor.
245 1 0 _aJudaism :
_ba brief guide to faith and practice /
_cSharon Pace.
264 1 _aGeorgia :
_bSmyth & Helwys Pub.,
_c2012.
300 _a130 páginas ;
_c23 centímetros
336 _atext
_2rdacontent
337 _aunmediated
_2rdamedia
338 _avolume
_2rdacarrie
504 _aBibliografía al final de cada tema.
505 0 _aGod: creator, redeemer, revealer -- Messiah, afterlife, and resurrection -- Revelation -- The Jewish people -- Shabbat -- Holidays -- Israel.
526 _aSEG42
526 _aSEG41
526 _aSEG40
526 _aSEG39
526 _aP94
526 _aP87
526 _aP86
526 _aP85
526 _aP77
526 _aP76
526 _aP35
650 0 _aJudaism.
650 0 _aJudaismo.
_91492
910 _adbm
_bebj
_cebj
_d20171211
942 _2ddc
_cBOOK
949 _a296.1 P12
_wDEWEY
_c1
_i77244
_lCATALOGING
_mBUL
_p10.21
_r0
_sY
_tBOOK
_u2017-12-11
_xPOSGRADO
_PP85
_0DONACION
_o.STAFF. Colección Teología.
994 _aC0
_bPEPRU
596 _a1
999 _a296.1 P12
_wDEWEY
_c26088
_i77244
_d26088
_f2021-11-11
_g4
_lCCODEBUL1
_mBUL
_p10.21
_q1
_r0
_sY
_tBOOK
_u2017-12-11
_xTEOLOGIA
_PP85
_0DONACION
_o.STAFF. Coleccio¿¿n Teolog©Ưa.
980 _81
_gALBERTO SANCHEZ Responsable de Automatización